000 08623nam a22006017a 4500
005 20080915150959.0
008 080915t xxu||||| |||| 00| 0 hin d
010 _aHIN-91470 B-456114-139
020 _c250.00
_a9788174630865
035 _aHN-63816 B-456114-139
037 _bDBAD / PUB
_aऐलाइड पब्लिर्शस प्रा. लि.
040 _aDPL
_bHN
082 _a823.08
100 _925136
_aप्रभाकर, विष्णु
245 _aईश्वर का चेहरा /
_cविष्णु प्रभाकर
246 _aEshwar ka chera
_bby Vishnu Prabhakar
260 _aदिल्ली
_bपांडुलिपि प्रकाशन
_c2009
270 _a77/1, ईस्ट आजाद नगर
_bदिल्ली
_e110051
300 _a247पृ
_c22सेमी (सजिल्द)
650 _91169
_aलघु कथाएँ, हिन्दी
650 _aHindi Fiction
_926447
700 _925138
700 _925157
942 _adpl
_cHN
_2ddc
_mप्रभाक
_h823.08
999 _c50926
_d50926